[Event "Sicilia Regional-ch"]
[Site "Marsala"]
[Date "2011.06.04"]
[Round "3"]
[White "Virgitto, Orazio"]
[Black "Campo, Renato"]
[Result "1/2-1/2"]
[WhiteElo "1671"]
[BlackElo "1984"]
[PlyCount "27"]
[EventDate "2011.06.01"]
[EventType "swiss"]
[EventRounds "7"]
[EventCountry "ITA"]
[SourceTitle "EXT 2023"]
[Source "ChessBase"]
[SourceDate "2022.10.05"]
[SourceVersion "1"]
[SourceVersionDate "2022.10.05"]
[SourceQuality "1"]

1. d4 d5 2. c4 e5 3. dxe5 d4 4. a3 Nc6 5. Nf3 Bg4 6. Nbd2 Nge7 7. g3 Ng6 8. Bg2 h5 9. h3 Be6 10. Nb3 Bxc4 11. Nbxd4 Bd5 12. Nxc6 Bxc6 13. 0-0 Qd5 14. Bg5 1/2-1/2

[Event "Sicilia Regional-ch"]
[Site "Marsala"]
[Date "2011.06.01"]
[Round "1"]
[White "La Bella, Noemi"]
[Black "Virgitto, Orazio"]
[Result "0-1"]
[WhiteElo "1431"]
[BlackElo "1671"]
[PlyCount "88"]
[EventDate "2011.06.01"]
[EventType "swiss"]
[EventRounds "7"]
[EventCountry "ITA"]
[SourceTitle "EXT 2023"]
[Source "ChessBase"]
[SourceDate "2022.10.05"]
[SourceVersion "1"]
[SourceVersionDate "2022.10.05"]
[SourceQuality "1"]

1. e4 e6 2. Nf3 d5 3. d3 Nf6 4. e5 Nfd7 5. d4 c5 6. Bb5 a6 7. Bxd7+ Bxd7 8. 0-0 Nc6 9. c3 b5 10. b3 Qb6 11. Be3 Rc8 12. Nbd2 Be7 13. Qc2 cxd4 14. cxd4 Qa5 15. Qb2 Ba3 16. Qb1 Nb4 17. Qd1 Nc2 18. Nc4 Rxc4 19. bxc4 Nxa1 20. Qxa1 bxc4 21. Bd2 Qc7 22. Qc3 Be7 23. Rb1 0-0 24. h3 Rb8 25. Rxb8+ Qxb8 26. Ne1 h6 27. Qa5 Qb2 28. Nf3 Qb7 29. Qc3 Qb1+ 30. Kh2 Qxa2 31. Qe3 Qb3 32. Bc3 Bb4 33. Nd2 Qxc3 34. Qxc3 Bxc3 35. Nb1 Bxd4 36. f4 c3 37. Na3 Bc5 38. Nc2 Ba4 39. Ne1 c2 40. Nd3 Be3 41. g4 Bb5 42. Ne1 c1Q 43. Nf3 Bxf4+ 44. Kg2 Qf1# 0-1